00992nam0a22002291 4500001001100000005001700011021001900028035002600047100004100073101000800114102000700122105001800129200024300147210006100390215002700451320005100478606004000529700013400569801001800703801002200721852001900743rc\499107520250613063302.0 aRUb[66-40873] a(NLR Aleph) 008987639 a20130430d1966 |||y0rusy50 ca0 arus aRU ab z |||||1 aОсновы теории и расчет океанических теченийfГл. упр. гидрометеорол. службы при Совете Министров СССР. Ин-т прикладной геофизики aЛенинградcГидрометеоиздатd1966 a123 с.cкарт.d21 aБиблиогр.: с. 118-122 (109 назв.) aМорские течения2psbo 17ca8rusaСаркисянbА. С.cд-р физ.-мат. наукf1926-gАртем Саркисович3RU\NLR\AUTH\770159989 0aRUbNLRgpsbo 1aRUbELAR2rusmarc aNLRj66-5/2519